Informative handbook of XIth five year plan UGC Vol I (Record no. 215272)
[ view plain ]
| 000 -LEADER | |
|---|---|
| fixed length control field | 00542nam a2200181Ia 4500 |
| 008 - FIXED-LENGTH DATA ELEMENTS--GENERAL INFORMATION | |
| fixed length control field | 210719s2008 xx 000 0 und d |
| 020 ## - INTERNATIONAL STANDARD BOOK NUMBER | |
| International Standard Book Number | 978-81-89910-01-3 |
| 041 ## - LANGUAGE CODE | |
| Language code of text/sound track or separate title | eng |
| 082 ## - DEWEY DECIMAL CLASSIFICATION NUMBER | |
| Classification number | 379 SHRI |
| 100 ## - MAIN ENTRY--PERSONAL NAME | |
| Personal name | SHRIVASTAVA (D K);SHARMA (Bhavana) Ed |
| 245 ## - TITLE STATEMENT | |
| Title | Informative handbook of XIth five year plan UGC Vol I |
| 260 ## - PUBLICATION, DISTRIBUTION, ETC. | |
| Place of publication, distribution, etc. | Bhopal |
| Date of publication, distribution, etc. | 2008 |
| 300 ## - PHYSICAL DESCRIPTION | |
| Extent | 1166 |
| Other physical details | HB |
| 440 ## - SERIES STATEMENT/ADDED ENTRY--TITLE | |
| Volume/sequential designation | I |
| 650 ## - SUBJECT ADDED ENTRY--TOPICAL TERM | |
| Topical term or geographic name entry element | Higher Education |
| 650 ## - SUBJECT ADDED ENTRY--TOPICAL TERM | |
| Topical term or geographic name entry element | Higher Education |
| 906 ## - LOCAL DATA ELEMENT F, LDF (RLIN) | |
| a | five ; handbook ; I ; Informative ; of ; plan ; th ; UGC ; Vol ; XI ; year |
| Withdrawn status | Lost status | Damaged status | Not for loan | Collection code | Home library | Current library | Date acquired | Source of acquisition | Total Checkouts | Full call number | Barcode | Date last seen | Price effective from | Koha item type |
|---|---|---|---|---|---|---|---|---|---|---|---|---|---|---|
| St Aloysius Library | St Aloysius Library | 03/24/2011 | General Annual | 379 SHRI | D03889 | 07/19/2021 | 07/19/2021 | Donated Books |